Discurso leido en el acto solemne de la apertura del curso de 1886 / (Record no. 20442)

MARC details
000 -LEADER
campo de control de longitud fija 00823nam a2200205 i 4500
001 - NÚMERO DE CONTROL
campo de control 20442
003 - IDENTIFICADOR DE NÚMERO DE CONTROL
campo de control ES-MaACL
005 - FECHA Y HORA DE LA ÚLTIMA TRANSACCIÓN
campo de control 20250809231900.0
007 - CAMPO FIJO DE DESCRIPCIÓN FÍSICA--INFORMACIÓN GENERAL
campo de control de longitud fija t|
008 - DATOS DE LONGITUD FIJA--INFORMACIÓN GENERAL
campo de control de longitud fija 021112s1886 sp ||||1| spa d
100 1# - ENTRADA PRINCIPAL--NOMBRE DE PERSONA
Nombre de persona González Garbín, Antonio.
9 (RLIN) 127411
245 10 - MENCIÓN DEL TÍTULO
Título Discurso leido en el acto solemne de la apertura del curso de 1886 /
Mención de responsabilidad, etc. por el presidente de dicha sociedad Antonio González Garbín y memoria leída por el secretario de la misma José Aguilera López.
260 ## - PUBLICACIÓN, DISTRIBUCIÓN, ETC.
Lugar de publicación, distribución, etc. Granada :
Nombre del editor, distribuidor, etc. [s.n.],
Fecha de publicación, distribución, etc. 1886 (
Fabricante Imp. de Indalecio Ventura)
300 ## - DESCRIPCIÓN FÍSICA
Extensión 17 p. ;
Dimensiones 15 cm.
594 ## - Nota al título y mención de responsabilidad
Nota al título y mención de responsabilidad Precede al tít.: El Fomento de las Artes.
700 1# - ENTRADA AGREGADA--NOMBRE PERSONAL
Nombre de persona Aguilera y López, José,
Fechas asociadas al nombre 1819-1901
9 (RLIN) 18785
710 2# - ENTRADA AGREGADA--NOMBRE DE ENTIDAD CORPORATIVA
Nombre de entidad corporativa o nombre de jurisdicción como elemento de entrada Sociedad Matritense El Fomento de las Artes.
9 (RLIN) 139234
852 ## - LOCALIZACIÓN
Ubicación ES-MaACL
Número de control de estantería T-467-F-6
Holdings
Estatus retirado Estado de pérdida Estado de daño No para préstamo Colección Biblioteca de origen Biblioteca actual Ubicación en estantería Fecha de adquisición Fuente de adquisición Total de préstamos Signatura topográfica completa Código de barras Visto por última vez Precio de reemplazo Tipo de ítem Koha
        Colección de folletos Biblioteca del Ateneo de Madrid Biblioteca del Ateneo de Madrid Depósito folletos 17/01/2008     T-467-F-6 1020971 23/02/2023 23/02/2023 Folleto